000 03032nam a22003617a 4500
005 20100729122432.0
010 _aB-406874-886
020 _a9788170005834
_c900.00
035 _aB-406874-886
037 _bEss Ess Publications
082 _a027.7
100 _aSahai, Nath
_92334
245 _aAcademic library system /
_cby Shri Nath Sahai
250 _a2nd ed.
260 _aNew Delhi
_bEss Ess Publications
_c2009
270 _a4837/24, Ansari Road, Daryaganj
_bNew Delhi
_e110002
300 _axvi, 344p.
_c24cm(Hb)
942 _2ddc
_cEN
_mSAI
_h027.7
999 _c34935
_d34935